Statistics for Alan Rickman films

Click here to take the quiz!

General Stats

  • This quiz has been taken 41 times
  • The average score is 8 of 13

Answer Stats

HintAnswer% Correct
An eleven-year-old orphan learns he is a wizardHarry Potter and the Philosopher's Stone
92%
Heroic outlaw fights the vicious Sheriff of NottinghamRobin Hood: Prince of Thieves
89%
Bruce Willis is trapped with Euro terrorists in the Nakatomi PlazaDie Hard
86%
Eight couples are awkwardly in love around ChristmasLove Actually
73%
A barber sings and kills peopleSweeney Todd
65%
Controversial monk tries to heal the son of the Russian empressRasputin
57%
Austen adaptation about two dissimilar sistersSense and Sensibility
57%
Jay, Silent Bob, Metatron and others must save the world from two fallen angelsDogma
54%
Rickman, Tim Allen and Sigourney Weaver spoof Star TrekGalaxy Quest
51%
Jean-Baptiste Grenouille has an excellent sense of smell, and a macabre method to produce fragrancePerfume: The Story of a Murderer
46%
Cecil Gaines serves eight US presidents, among them Ronald ReaganThe Butler
41%
A lonely man and an autistic woman become friends, more or lessSnow Cake
24%
Mockumentary about a conservative folk singer who runs for a Senate seatBob Roberts
16%

Score Distribution

Percentile by Number Answered

Percent of People with Each Score

Your Score History

You have not taken this quiz